000 01272nam a2200409 i 4500
001 1727
003 KOSZ 005
005 20190924141926.0
008 000114s1981 pl a f |001 0 pol
015 _aPB 1981/9497
020 _a832133024X
035 _a991012765879705066
035 _a(PL-WaBN)b13449862-48omnis_nlop
035 _ab13449862
035 _a(OCoLC)751541523
035 _a(PL)b0000001344986
035 _a(EXLNZ-48OMNIS_NETWORK)9910246458105606
040 _aWA N
_cWA N
_dKOSZ 005/EC
041 0 _apol
046 _k1981
080 _a666.9
100 1 _aKurdowski, Wiesław
_d(1931- )
_eAutor
245 1 0 _aPoradnik technologa przemysłu cementowego /
_cWiesław Kurdowski.
260 _aWarszawa :
_b"Arkady",
_c1981
_e(Poznań :
_fPZGMK).
300 _a498, [1] s. :
_bil., tab., wykr. ;
_c25 cm.
380 _aKsiążki
388 _a1901-2000
388 _a1945-1989
504 _aBibliogr. przy rozdz. - Indeks.
658 _aInżynieria i technika
650 7 _aTechnologia
650 7 _aCement
_2DBN
710 2 _aWydawnictwo "Arkady".
_4pbl.
856 _uhttp://koha.tu.koszalin.pl/cgi-bin/koha/opac-detail.pl?biblionumber=1727
_yKatalog online BPK
942 _2UKD
_cKS
999 _c1727
_d1727